[Event "IRT Club Caissa 2019"]
[Site "Guatemala"]
[Date "2019.01.11"]
[Round "5"]
[White "Diaz, Hector"]
[Black "Gonzalez, Renier"]
[Result "0-1"]
[WhiteElo "2007"]
[BlackElo "2451"]
[Annotator "TA"]
[PlyCount "132"]
[EventDate "2019.01.09"]
[EventType "swiss"]
[EventCountry "GUA"]
[SourceTitle "playchess.com"]
[Source "ChessBase"]
[SourceQuality "1"]

{[%evp 17,132,30,27,-5,11,0,-3,-16,0,-35,-11,-14,-6,-6,33,-47,-22,-17,-20,-9,-11,-18,6,12,23,21,30,25,41,18,14,0,0,-20,-4,-30,-20,-35,-35,-33,-23,-26,-33,-45,-42,-46,-25,-24,-6,-17,-6,-7,-6,-6,-7,-9,0,0,0,0,0,-32,0,0,0,-18,0,0,0,0,0,0,0,0,0,0,0,0,0,0,0,0,0,0,0,-12,-12,-12,0,0,0,-531,-337,-419,0,-710,-701,-737,-698,-1207,-1276,-1662,-906,-725,0,-1662,-1500,-1641,-1505,-29975,-29976,-29973,-29971,-29980,0,-1345,0]} 1. d4 g6 2. c4 Bg7 3. Nc3 d6 4. Nf3 e5 5. dxe5 dxe5 6. Qxd8+ Kxd8 7. Bg5+ f6 8. O-O-O+ Nd7 9. Bh4 {A41: 1 d4 d6: Tartakower System and Modern Defence} (9. Be3 Nh6 10. Bxh6 Bxh6+ 11. e3 c6 12. Ne4 Ke7 13. g4 Bg7 14. Rg1 Nf8 15. h4 h5 16. gxh5 Rxh5 {0-1 (50) Li,C (2732)-Onischuk,V (2637) Riadh 2017}) 9... Ne7 {LiveBook: 3 Games} 10. e4 c6 11. Be2 {The position is equal.} Kc7 12. Kc2 Nc5 $146 ({Predecessor:} 12... a5 13. Rd2 h5 14. h3 g5 15. Bg3 Nc5 16. h4 g4 {1-0 (52) Savolainen,L (2190)-Lehtinen,H (2201) Tampere 1999}) 13. Rd2 (13. Nxe5 {with more complications.} g5 14. Nxc6 Nxc6 15. Bg3+ Ne5 16. h4) 13... Rd8 (13... g5 {keeps more tension.} 14. Bg3 h5 15. h3 a5 16. Rhd1 a4) 14. Rxd8 Kxd8 15. Rd1+ Kc7 16. h3 (16. Nxe5 $14 g5 17. Nxc6 bxc6 18. Bg3+ Kb6 19. f4) 16... Ne6 17. Bg3 Bd7 18. Nd4 Nxd4+ 19. Rxd4 Re8 20. Rd1 Ng8 21. f3 Bf8 22. Bf2 Ra8 23. a3 Nh6 24. Be3 Nf7 25. Rd2 Nd8 26. Bf1 Ne6 27. Rd1 Bc5 28. Bxc5 Nxc5 29. b4 Ne6 30. Kb2 b6 31. b5 Nc5 32. bxc6 Bxc6 33. Nb5+ Bxb5 34. cxb5 Rd8 35. Rxd8 Kxd8 $11 {[%mdl 4096] Endgame KB-KN} 36. Bc4 Ke7 37. Kc3 h5 38. g3 $1 g5 39. Kd2 h4 (39... g4 $5 40. hxg4 hxg4 $11) 40. gxh4 gxh4 41. Ke3 Kf8 42. f4 Kg7 43. fxe5 fxe5 44. Kf3 Kf6 45. Bd5 Kg5 46. Bc4 Nb7 47. Bd5 Nc5 48. Ke3 Nd7 49. Be6 Nf6 50. Bf7 Kh6 51. Kd3 Kg7 52. Be6 Nh5 {[#] Hoping for ...Nf4+.} 53. Bc8 Nf4+ 54. Kc4 $2 {[%mdl 8192]} (54. Ke3 $11) 54... Kf6 55. Bg4 Ng2 $2 (55... Kg5 $19 56. Bc8 Ne2) 56. Kb4 $2 {[%mdl 8192]} (56. Bf3 $11 Nf4 57. Bg4) 56... Kg5 $19 57. Bd7 Kf4 58. Bf5 Ne3 59. Bg6 Kg3 60. Bf5 Kf4 $2 (60... Nd1 $19 {And now ...Kf4 would win.} 61. Kc4 Kf4) 61. Bh7 $2 {[%mdl 8192]} (61. Bg6 $11 Nd1 62. Bf5) 61... Nd1 62. Kc4 Nf2 {[%mdl 64] [#] Double Attack} 63. Kd5 Nxh3 64. Bf5 Nf2 65. Bh7 Nh3 (65... h3 $142 66. Bg8 h2 67. Bf7 h1=Q 68. Kc6 Nxe4 69. Bd5 Qh7 70. Bxe4 Qxe4+ 71. Kc7 Qa4 72. Kd8 Qxa3 73. Kc7 Qe7+ 74. Kc8 e4 75. Kb8 e3 76. Kc8 e2 77. Kb8 e1=Q 78. Ka8 Q1e4+ 79. Kb8 Q7b7#) 66. Bf5 Nf2 $2 {[%mdl 32768] Accuracy: White = 45%, Black = 50%. . Loss on time!?} (66... Ng5 $19 67. Kc4 h3) 0-1

[Event "IRT Club Caissa 2019"]
[Site "Guatemala"]
[Date "2019.01.11"]
[Round "6"]
[White "Mareco, Sandro"]
[Black "Cuenca Jimenez, Jose Fernando"]
[Result "1-0"]
[WhiteElo "2661"]
[BlackElo "2512"]
[Annotator "TA"]
[PlyCount "123"]
[EventDate "2019.01.09"]
[EventType "swiss"]
[EventCountry "GUA"]
[SourceTitle "playchess.com"]
[Source "ChessBase"]
[SourceQuality "1"]

{[%evp 28,123,16,0,0,0,0,0,0,0,27,22,39,38,46,49,49,49,50,45,47,47,52,48,51,51,52,45,47,41,62,58,65,64,65,63,71,61,74,85,87,87,78,71,71,71,68,45,45,45,77,37,34,0,71,77,122,122,122,122,213,217,202,213,200,210,367,187,285,295,307,308,308,304,325,325,1184,989,1016,1027,1001,1000,984,965,881,881,874,862,816,795,739,645,1311,1252,1198,656,4714,2542]} 1. d4 Nf6 2. Nf3 d5 3. c4 e6 4. g3 Be7 5. Bg2 O-O 6. O-O dxc4 7. Qc2 a6 8. a4 Bd7 {[%cal Bc8d7,Bd7c6,Bc6d5][%mdl 32]} 9. Bg5 Bc6 10. Qxc4 Bd5 11. Qd3 c5 12. dxc5 Nbd7 {[%cal Bb8d7,Bd7c5,Bc5b3][%mdl 32] E05: Open Catalan: 5 Nf3 Be7} 13. Nc3 Nxc5 (13... Bc6 14. b4 a5 15. b5 Bxf3 16. Qxf3 Nxc5 17. Rfd1 Qb6 18. Be3 Rad8 19. h3 Rfe8 20. g4 {0-1 (40) Meier,G (2630)-Hammer,J (2630) chess.com INT 2017}) 14. Qe3 Qa5 15. Qf4 {[#] LiveBook: 4 Games. aiming for b4.} Nb3 16. Bxf6 $146 ({Predecessor:} 16. Rad1 Bc6 17. e4 h6 18. Bxf6 Bxf6 19. e5 Bxf3 20. Qxf3 Bxe5 {0-1 (31) Van der Lende,I (2344)-Vrolijk,L (2419) Leiden 2018}) 16... Bxf6 17. Nxd5 exd5 18. Rad1 d4 19. Nd2 Nxd2 20. Qxd2 Qxa4 21. Bxb7 Rab8 22. Ra1 Qb5 23. Bxa6 Qxb2 24. Qf4 {Black must now prevent Bd3.} Qb4 25. Bd3 Qe7 26. Ra6 {Threatens to win with Qf5.} Be5 27. Qf3 g6 28. Rfa1 Rb7 29. h4 {[%cal Bh2h4,Bh4h5][%mdl 32]} Rc7 30. Kg2 Bg7 31. h5 Qg5 32. Rh1 Rc5 33. Ra7 Qf6 34. Qxf6 Bxf6 35. hxg6 hxg6 36. Rb1 Be5 37. f4 Bc7 38. Rbb7 Bb8 39. Ra8 Bc7 40. Raa7 Bb8 41. Ra4 Rd5 42. Bc4 Rdd8 43. Ra8 Bc7 {[#]} (43... Kg7 $16 44. Kf3 Kf6 45. Bxf7 Rxf7 46. Rb6+ (46. Rbxb8 Rxb8 47. Rxb8 Rd7 $16) 46... Rd6 47. Raxb8 Rfd7) 44. Ra6 $1 $18 Bd6 45. Rbb6 Be7 46. Rxg6+ $1 Kh7 $2 (46... Kh8 {might work better.}) 47. Rgb6 (47. Rg4 $142) 47... Kg7 (47... Rc8 $142) 48. Rb7 Bc5 49. Rc6 Bd6 50. Kf3 Bb8 51. Rc5 Kg6 $2 (51... Rc8) 52. Rg5+ {White is clearly winning.} Kf6 53. g4 Rc8 54. Rf5+ Kg7 55. Rbxf7+ Rxf7 56. Rxf7+ {[%mdl 4096] Endgame KRB-KRB} Kg6 57. f5+ {[%cal Bf4f5,Bf5f6][%mdl 32]} Kg5 58. Rg7+ Kh4 59. Bd3 Rc1 60. g5 Rc5 61. Rg8 Be5 62. f6 {Accuracy: White = 76%, Black = 46%.} 1-0

[Event "IRT Club Caissa 2019"]
[Site "Guatemala"]
[Date "2019.01.11"]
[Round "6"]
[White "Almeida Quintana, Omar"]
[Black "Juarez Flores, Carlos A."]
[Result "1/2-1/2"]
[WhiteElo "2540"]
[BlackElo "2377"]
[Annotator "TA"]
[PlyCount "85"]
[EventDate "2019.01.09"]
[EventType "swiss"]
[EventCountry "GUA"]
[SourceTitle "playchess.com"]
[Source "ChessBase"]
[SourceQuality "1"]

{[%evp 19,85,21,46,47,44,45,47,52,62,43,47,34,45,51,38,39,78,76,81,83,82,82,82,23,23,13,75,48,24,34,25,0,14,14,14,10,42,23,16,27,23,17,56,14,16,14,14,14,14,14,14,8,15,15,16,14,14,3,3,3,3,7,14,14,14,14,14,3]} 1. d4 d5 2. Nf3 c6 3. Bf4 Qb6 4. Qc1 Bf5 5. e3 e6 6. c4 {D02: 1 d4 d5 2 Nf3 sidelines, including 2...Nf6 3 g3 and 2...Nf6 3 Bf4} Nf6 7. Nc3 h6 8. h3 Be7 9. Be2 ({Predecessor:} 9. c5 Qd8 10. b4 O-O 11. Be2 {0-1 (52) Noiroux,K (2179)-Klein,F (2293) Belgium 2015}) 9... O-O 10. O-O Nbd7 {LiveBook: 4 Games} 11. c5 Qd8 12. b4 Ne4 $146 (12... Qc8 13. a4 Bd8 14. b5 Bc7 {0-1 (32) Torre,E (2460)-Karpov,A (2623) Platja d'Aro 2018}) 13. Nxe4 Bxe4 14. Nd2 Bf5 15. Nb3 a6 16. a4 Re8 17. b5 axb5 18. axb5 Bf6 19. Bd6 e5 20. Qd2 exd4 {[#]} 21. Nxd4 (21. Rxa8 $1 $16 Qxa8 22. Ra1 (22. Nxd4 Bxd4 23. exd4 Qa3 $14)) 21... Bxd4 $11 22. exd4 Qf6 (22... Qg5 $11 23. Qxg5 hxg5) 23. bxc6 bxc6 24. Ba6 Ra7 {[#] ...Rea8 is the strong threat.} 25. Be2 Rea8 26. Rxa7 Rxa7 27. Qb2 Qg6 28. Ra1 Rxa1+ $1 29. Qxa1 {And now Qa8+ would win.} Qe6 30. Bf1 {aiming for Qa8+.} Kh7 31. Qa6 Qe1 {The position is equal.} 32. Qxc6 Bd3 {Hoping for ...Nf6.} 33. Qxd7 Qxf1+ 34. Kh2 Qxf2 35. Bg3 Qf5 36. c6 Be4 {( -> ...Qf1)} 37. Qxf5+ Bxf5 {[%mdl 4096] Endgame KB-KB} 38. Kg1 Kg6 39. Kf2 Bd3 40. Ke3 Bb5 41. c7 Ba6 42. Bd6 h5 43. Kf4 {Accuracy: White = 55%, Black = 62%.} 1/2-1/2

[Event "IRT Club Caissa 2019"]
[Site "Guatemala"]
[Date "2019.01.11"]
[Round "6"]
[White "Gonzalez Zamora, Juan Carlos"]
[Black "Monzon Perez, Calixto Raul"]
[Result "1-0"]
[WhiteElo "2529"]
[BlackElo "1999"]
[Annotator "TA"]
[PlyCount "89"]
[EventDate "2019.01.09"]
[EventType "swiss"]
[EventCountry "GUA"]
[SourceTitle "playchess.com"]
[Source "ChessBase"]
[SourceQuality "1"]

{[%evp 18,89,25,24,70,68,72,39,62,47,79,66,90,69,89,86,104,90,92,100,104,102,108,112,141,142,151,154,156,148,147,140,208,136,155,128,185,138,155,163,170,146,152,127,147,133,250,147,160,139,165,160,200,191,241,197,193,175,227,241,215,204,473,476,597,587,978,977,954,920,896,885,29996,29996]} 1. Nf3 d5 2. g3 Nf6 3. Bg2 c6 4. O-O e6 5. d4 Nbd7 6. Nbd2 Be7 {D02: 1 d4 d5 2 Nf3 sidelines, including 2...Nf6 3 g3 and 2...Nf6 3 Bf4} 7. Re1 O-O 8. e4 Nxe4 (8... c5 9. e5 Ne8 10. c3 b6 11. Nf1 Bb7 12. h4 Nc7 13. Bf4 Nb8 14. N1h2 {1-0 (46) Fressinet,L (2709)-Nigalidze,G (2527) Yerevan 2014}) 9. Nxe4 dxe4 10. Rxe4 {LiveBook: 4 Games} Nf6 11. Re1 Qb6 12. c3 a5 $146 ({Predecessor:} 12... Rd8 13. Qb3 Qc7 14. Bf4 {1-0 (44) Lizcano,J (1694)-Peinado,E (2121) Santander 2013}) 13. Qb3 Qd8 14. a4 h6 15. Ne5 Nd5 16. Bd2 Bg5 17. Rad1 Bxd2 18. Rxd2 Qc7 19. c4 Nf6 20. h4 h5 21. Bf3 g6 22. Qe3 Kg7 23. b3 Bd7 24. Qf4 Qc8 (24... Qd8 $16 25. d5 exd5) 25. Re3 Be8 26. Bd1 Nh7 (26... Qb8 $16 27. Bf3 (27. Rf3 Nd7 $16) 27... Ng8) 27. Nd3 b6 28. Qe5+ Kg8 29. Nf4 Qb8 30. Qe4 Ra7 31. Qc2 b5 (31... Rd7 $16 {was called for.} 32. Bf3 Rd8) 32. Bf3 (32. axb5 $18 cxb5 33. d5) 32... bxa4 $16 33. bxa4 Rb7 34. Kg2 Rb4 35. Nd3 Rb3 36. Nc5 Rxe3 37. fxe3 e5 (37... g5 $142 38. Qe4 (38. Bxh5 f5 $18) 38... Kh8 39. hxg5 (39. Bxh5 f5 $11) 39... Nxg5) 38. Qc3 $18 exd4 39. exd4 {[%cal Be3d4,Bd4d5][%mdl 32]} f5 $2 {[#]} (39... Qc7 {was necessary.} 40. Rb2 Qd6) 40. d5 Rf6 41. Qxa5 f4 42. dxc6 Rxc6 43. Nd7 Bxd7 44. Rxd7 Rc8 45. Qd5+ {Accuracy: White = 48%, Black = 34%.} 1-0

[Event "IRT Club Caissa 2019"]
[Site "Guatemala"]
[Date "2019.01.11"]
[Round "6"]
[White "Barrientos, Sergio E"]
[Black "Strikovic, Aleksa"]
[Result "1-0"]
[WhiteElo "2494"]
[BlackElo "2490"]
[Annotator "TA"]
[PlyCount "73"]
[EventDate "2019.01.09"]
[EventType "swiss"]
[EventCountry "GUA"]
[SourceTitle "playchess.com"]
[Source "ChessBase"]
[SourceQuality "1"]

{[%evp 21,73,14,20,9,50,47,94,97,172,171,194,175,181,180,182,153,159,156,175,157,145,157,215,214,290,274,275,268,304,298,289,291,349,329,320,330,404,387,397,271,506,312,353,325,353,331,363,335,371,362,510,518,752,497]} 1. d4 Nf6 2. c4 g6 3. Nc3 Bg7 4. e4 d6 5. f3 c5 6. Nge2 O-O 7. Be3 Nbd7 8. Qd2 a6 9. d5 Ne5 10. Ng3 e6 {E81: King's Indian: Sämisch: 6th move deviations (including 6 Be3 c6)} 11. Be2 exd5 {LiveBook: 5 Games} 12. exd5 Re8 {The position is equal.} 13. O-O $1 h5 {[#]} 14. Bg5 $1 Qc7 {[#]} (14... b5 $16) 15. f4 $1 $18 {[%cal Rf4e5,Bf3f4,Bf4f5][%mdl 32]} Neg4 16. f5 {Hoping for h3.} Nh7 $146 17. Bxg4 hxg4 18. Bh6 Bd4+ 19. Kh1 Bxf5 20. Nxf5 gxf5 21. Rxf5 Qe7 (21... f6 $16 {keeps fighting.} 22. Qf4 Kh8) 22. Raf1 Qh4 23. Bf4 ({Resist} 23. Rxf7 $6 Re7 $18) 23... Qe7 24. Qd1 Kh8 25. Qxg4 f6 26. Rh5 Rad8 27. Qf5 Qd7 28. Qd3 Qf7 29. Rh6 Qg7 30. Rh3 Be5 $2 (30... Rg8 31. Bg3 b5 32. cxb5 axb5) 31. Bh6 Qe7 32. Bd2 Rg8 33. Ne2 {[%cal Bc3e2,Be2f4,Bf4e6][%mdl 32]} Rg4 34. Nf4 Rdg8 35. g3 Bxb2 (35... b5 $142 36. b3 Bxf4) 36. Ne6 Qf7 37. Bf4 {Accuracy: White = 81%, Black = 34%.} 1-0

[Event "IRT Club Caissa 2019"]
[Site "Guatemala"]
[Date "2019.01.11"]
[Round "6"]
[White "Zaragatski, Ilja"]
[Black "Gongora Montes, Benjamin"]
[Result "1-0"]
[WhiteElo "2465"]
[BlackElo "2143"]
[Annotator "ChessBase"]
[PlyCount "71"]
[EventDate "2019.01.09"]
[EventType "swiss"]
[EventCountry "GUA"]
[SourceTitle "playchess.com"]
[Source "ChessBase"]
[SourceQuality "1"]
[TimeControl "5400+30"]

1. c4 {[%emt 0:00:00]} g6 {[%emt 0:00:00]} 2. g3 {[%emt 0:00:00]} Bg7 {[%emt 0:00:24]} 3. Bg2 {[%emt 0:00:00]} c5 {[%emt 0:00:23]} 4. Nc3 {[%emt 0:00:00]} Nc6 {[%emt 0:00:28]} 5. a3 {[%emt 0:00:00]} e6 {[%emt 0:01:30]} 6. Rb1 {[%emt 0:00:01]} Nge7 {[%emt 0:00:24]} 7. b4 {[%emt 0:00:08]} d6 {[%emt 0:00:27]} 8. Nf3 {[%emt 0:00:17]} O-O {[%emt 0:01:08]} 9. O-O {[%emt 0:02:14]} b6 {[%emt 0:01:35]} 10. Qb3 {[%emt 0:00:17]} Bb7 {[%emt 0:03:07]} 11. Bb2 {[%emt 0:00:19]} Rb8 {[%emt 0:11:33]} 12. e3 {[%emt 0:00:35]} Qd7 {[%emt 0:27:52]} 13. Rfd1 {[%emt 0:00:46]} cxb4 {[%emt 0:07:03]} 14. axb4 {[%emt 0:00:20]} a5 {[%emt 0:00:14]} 15. Na2 {[%emt 0:13:40]} d5 {[%emt 0:06:32]} 16. Bxg7 {[%emt 0:07:01]} Kxg7 {[%emt 0:00:19]} 17. b5 {[%emt 0:01:09]} Nd8 {[%emt 0:01:42]} 18. Qc3+ {[%emt 0:09:35]} f6 {[%emt 0:01:21]} 19. c5 {[%emt 0:00:07]} bxc5 {[%emt 0:00:39]} 20. Qxc5 {[%emt 0:00:10]} Nf7 {[%emt 0:00:52]} 21. Nc3 {[%emt 0:01:08]} e5 {[%emt 0:01:29]} 22. d4 {[%emt 0:02:15]} e4 {[%emt 0:12:33]} 23. Nd2 {[%emt 0:00:54]} Ng5 {[%emt 0:00:30]} 24. Rdc1 {[%emt 0:04:18]} Ne6 {[%emt 0:07:32]} 25. Qa3 {[%emt 0:00:17]} f5 {[%emt 0:00:13]} 26. Na4 {[%emt 0:00:55]} Rfc8 {[%emt 0:01:43]} 27. Nc5 {[%emt 0:05:28]} Qd6 {[%emt 0:00:40]} 28. Nxe6+ {[%emt 0:00:42]} Qxe6 {[%emt 0:00:05]} 29. Qxa5 {[%emt 0:00:13]} Ra8 {[%emt 0:01:02]} 30. Qb4 {[%emt 0:00:09]} g5 {[%emt 0:01:54]} 31. Nb3 {[%emt 0:03:07]} Rxc1+ {[%emt 0:00:31]} 32. Rxc1 {[%emt 0:00:11]} Rc8 {[%emt 0:01:09]} 33. Nc5 {[%emt 0:03:05]} Qb6 {[%emt 0:02:58]} 34. Ra1 {[%emt 0:02:31]} Ra8 {[%emt 0:03:35]} 35. Rxa8 {[%emt 0:02:25]} Bxa8 {[%emt 0:00:04]} 36. Nxe4 {[%emt 0:03:29]} 1-0

[Event "IRT Club Caissa 2019"]
[Site "Guatemala"]
[Date "2019.01.11"]
[Round "6"]
[White "Gonzalez, Renier"]
[Black "Chinchilla, Alejandro Jose"]
[Result "1-0"]
[WhiteElo "2451"]
[BlackElo "2128"]
[Annotator "TA"]
[PlyCount "75"]
[EventDate "2019.01.09"]
[EventType "swiss"]
[EventCountry "GUA"]
[SourceTitle "playchess.com"]
[Source "ChessBase"]
[SourceQuality "1"]

{[%evp 11,75,-10,9,5,16,-5,-4,0,4,0,9,-1,63,56,48,7,55,56,79,71,79,71,75,79,85,81,95,87,102,100,105,100,101,100,130,127,158,159,164,146,170,151,222,220,289,267,441,89,398,439,441,433,418,411,433,409,29991,884,890,884,882,887,887,885,845,846]} 1. Nf3 Nf6 2. b4 g6 3. Bb2 Bg7 4. e3 O-O 5. c4 a5 (5... d6 6. Be2 e5 7. d3 e4 8. dxe4 Nxe4 9. Qc1 Nd7 10. Bxg7 Kxg7 11. Nbd2 Nxd2 12. Qxd2 a5 13. b5 b6 14. Nd4 Bb7 15. Bf3 Bxf3 16. Nxf3 {½-½ (58) Kuzubov,Y (2647)-Kokarev,D (2608) Linares 2018}) 6. b5 {A15: English Opening: 1...Nf6} c5 {LiveBook: 3 Games} 7. a4 b6 $146 ({Predecessor:} 7... Qc7 8. Be2 b6 9. O-O Bb7 10. Nc3 d6 11. d4 Nbd7 12. d5 e5 13. Qc2 Bc8 14. Rfe1 Ra7 15. Bc1 Qd8 {½-½ (15) Weigel,H (1996)-Juergens,B (2136) Hamburg 2005}) 8. Be2 {The position is equal.} Bb7 9. O-O d6 10. d4 Ne4 11. Qc2 Qc8 (11... cxd4 $11 12. exd4 Nd7) 12. Bd3 $14 Nf6 13. Nbd2 Bxf3 14. Nxf3 Nbd7 15. d5 Nh5 16. Bxg7 Nxg7 17. Nd2 Ne5 18. Be2 f5 19. g3 Ra7 20. Rae1 e6 21. dxe6 Qxe6 22. f4 Nf7 23. Bf3 Qf6 24. Nb1 Qd8 25. Nc3 Ne8 26. e4 fxe4 (26... Ng7 $16 {was worth a try.} 27. Nd5 Nh6) 27. Bxe4 $18 ({Don't take} 27. Qxe4 $6 Nf6 $16) 27... Nf6 {[#]} 28. Bxg6 $1 {[%mdl 512]} hxg6 $2 (28... Nh6 29. Re6 Kh8) 29. Qxg6+ Kh8 30. Re6 Ng8 31. Rfe1 Nfh6 32. Nd5 {aiming for Re8.} Rg7 33. Qh5 {Threatens to win with Re8.} Kh7 {[#]} (33... Rgf7 $18 34. Rxh6+ Nxh6) 34. Re8 (34. Rxh6+ $142 $1 {[%mdl 512]} Nxh6 35. Re6 Rf6 36. Nxf6+ Qxf6 37. Rxf6 Kg8 38. Rxh6 Kf8 39. Re6 Rd7 40. Qh8+ Kf7 41. Rf6+ Ke7 42. Qf8#) 34... Rxe8 {White is clearly winning.} 35. Rxe8 ({Not} 35. Qxe8 Qh4 $11) 35... Qd7 {[#]} 36. Rxg8 $1 {[%cal Rd5f6][%mdl 576] Pin} Qe6 (36... Rxg8 37. Nf6+) 37. Re8 Qf5 38. Qxf5+ {Accuracy: White = 76%, Black = 39%.} 1-0

[Event "IRT Club Caissa 2019"]
[Site "Guatemala"]
[Date "2019.01.11"]
[Round "6"]
[White "Cu Hor, Winston Darwin"]
[Black "Mitkov, Nikola"]
[Result "0-1"]
[WhiteElo "2320"]
[BlackElo "2477"]
[Annotator "TA"]
[PlyCount "104"]
[EventDate "2019.01.09"]
[EventType "swiss"]
[EventCountry "GUA"]
[SourceTitle "playchess.com"]
[Source "ChessBase"]
[SourceQuality "1"]

{[%evp 10,104,-31,-43,-46,-50,-35,-33,-36,-44,-12,-40,-24,-23,-19,-14,-31,-66,-64,-89,-77,-72,-29,-81,-71,-94,-68,-80,-72,-80,-55,-27,-38,-45,-25,-26,0,0,0,0,16,0,0,0,0,0,11,0,29,22,43,32,26,0,22,0,0,0,0,0,6,0,0,-30,0,0,106,72,70,28,105,61,104,108,77,0,0,0,0,-14,0,-341,-335,-324,-305,-330,-342,-315,-294,-590,-587,-551,-549,-568,-545,-580,-520]} 1. Nf3 d5 2. c4 d4 3. g3 Nc6 4. Bg2 e5 5. d3 Bb4+ 6. Nfd2 {LiveBook: 13 Games. A09: Réti Opening: 1 Nf3 d5 2 c4} (6. Bd2 a5 7. O-O h6 8. Na3 Nf6 9. Nc2 Be7 10. e3 O-O 11. exd4 exd4 12. Re1 Re8 13. Bf4 Bc5 14. Rxe8+ Nxe8 {½-½ (107) Andriasian,Z (2591)-Vidit,S (2718) chess.com INT 2018}) 6... Be7 7. Na3 Nf6 8. Nc2 {Black is slightly better.} a5 9. a3 a4 $146 ({Predecessor:} 9... O-O 10. O-O Bf5 11. Rb1 a4 12. b4 axb3 13. Rxb3 Ra7 {1-0 (33) Ribli,Z (2585)-Borik,O (2390) Baden-Baden 1981}) 10. Rb1 Bd7 11. O-O O-O 12. b4 axb3 $1 13. Rxb3 Na5 14. Rb1 Ba4 15. Nf3 Qd6 16. Bg5 (16. Rb4 $11 Bc6 17. Bd2) 16... h6 17. Bxf6 Qxf6 ({Stronger than} 17... gxf6 18. Nh4 $14) 18. Qc1 Nb3 19. Qb2 c5 20. Qa2 Na5 21. Nd2 Qg5 22. Ne1 Rab8 23. Bd5 Qh5 24. Ng2 b6 25. Rbe1 Bd6 {[%cal Be7d6,Bd6c7,Bc7d8][%mdl 32]} 26. Ne4 Bc7 27. f4 {[%cal Bf2f4,Bf4f5,Bf5f6][%mdl 32]} Bd7 28. Qd2 Nc6 29. f5 Ne7 30. f6 Nxd5 31. cxd5 Bd8 32. Nh4 Bh3 33. Rf2 Ra8 34. Qc1 $40 {[%mdl 128] White attacks.} Kh7 35. Kh1 Ra7 36. Kg1 Rd7 37. Qc4 g6 (37... Rg8 $11 {remains equal.} 38. Kh1 Ra7) 38. a4 Ra7 39. Ra1 Ra5 (39... Qg4 $11 {keeps the balance.}) 40. Qb3 Bd7 {[%cal Bh3d7,Bd7a4,Ba4b3,Bb3d5,Bd5e4][%mdl 32]} 41. Ra2 Kg8 42. Kg2 ({White should try} 42. Nf3 $16) 42... Bc7 $11 43. Rf1 Rfa8 {[%cal Rd7a4]} 44. Qc2 Bxa4 45. Qd2 $2 {[%mdl 8192] [#]} (45. Qc4 $1 $11 {and White is okay.}) 45... Bb3 $1 $19 {[%csl LRa2,LRd5]} 46. Rxa5 Rxa5 47. d6 Bd8 {aiming for ...Ra2.} 48. Rf2 Bd5 49. Qc2 $2 {[#]} (49. Nf3 {was necessary.}) 49... Ra2 {Black is clearly winning.} 50. Qd1 Qg4 51. h3 Bxe4+ 52. Kh2 Qe6 {[%mdl 64] Double Attack. Accuracy: White = 54%, Black = 54%.} 0-1

[Event "IRT Club Caissa 2019"]
[Site "Guatemala"]
[Date "2019.01.11"]
[Round "6"]
[White "Burgos Figueroa, Carlos E."]
[Black "Calderin Gonzalez, Roberto"]
[Result "1/2-1/2"]
[WhiteElo "2245"]
[BlackElo "2427"]
[Annotator "TA"]
[PlyCount "105"]
[EventDate "2019.01.09"]
[EventType "swiss"]
[EventCountry "GUA"]
[SourceTitle "playchess.com"]
[Source "ChessBase"]
[SourceQuality "1"]

{[%evp 12,105,-62,-61,-46,-80,12,9,0,-9,11,-20,3,25,0,0,0,0,0,-9,0,0,-8,0,15,-36,13,4,18,-31,41,6,133,144,151,59,61,58,60,58,93,86,90,101,103,81,70,18,18,18,25,0,0,0,0,0,0,0,0,9,107,-48,0,0,0,-67,0,0,0,0,0,0,0,0,0,-50,-39,-62,0,-52,0,0,-164,-236,-236,-236,-236,-427,93,79,79,92,88,87,101,54]} 1. e4 {[%cal Be2e4,Be4e5][%mdl 32]} Nf6 2. e5 Nd5 3. c4 Nb6 4. a4 d6 (4... a5 5. Ra3 d6 6. exd6 exd6 7. Rg3 Bf5 8. Nc3 Nc6 9. d4 Nb4 10. Be2 d5 11. c5 Nd7 12. Bg4 {½-½ (23) Hauge,L (2448)-Agdestein,S (2604) Stavanger 2017}) 5. a5 N6d7 6. e6 {B02: Alekhine's Defence: Chase Variation and lines with early Nc3} fxe6 7. d4 {LiveBook: 3 Games} e5 8. Bd3 {[#]Black is slightly better.} Nf6 (8... g6 $1 $17 9. Be3 exd4 10. Bxd4 e5) 9. dxe5 $11 dxe5 10. Nc3 Nc6 11. Bg5 Nb4 $146 ({Predecessor:} 11... e4 12. Bc2 Qxd1+ 13. Rxd1 {0-1 (39) Corado Paz Castillo,R (2093)-Zambrano Rodriguez,A (2175) San Carlos 2012}) 12. Qa4+ $1 c6 13. Qxb4 {Strongly threatening Bc2.} Qxd3 14. Nf3 Qf5 $36 {[%mdl 2048] Threatens to win with ...e4. Black fights for an advantage.} 15. Qc5 Ne4 16. Qe3 Nxc3 17. bxc3 e4 (17... h6 $5 18. Bh4 $8 e4 $11) 18. Nd4 ({Better is} 18. Nd2 $1 $11) 18... Qg6 (18... Qg4 $5 {[%cal Re7e5]} 19. Bf4 Qxg2 $15) 19. O-O e5 20. Nc2 Be6 (20... Bd6 $15) 21. c5 Be7 (21... h6 $11 {remains equal.} 22. Bh4 a6) 22. Bxe7 $16 Kxe7 23. Rfe1 (23. Rab1 $16) 23... Rhd8 $14 24. a6 bxa6 25. Nb4 Bc4 26. Qxe4 Qxe4 27. Rxe4 Bb5 {Black wants to play ...a5!} 28. c4 Ba4 29. f4 (29. Rxe5+ $14 Kf6 30. Re3 Rd1+ 31. Rxd1 Bxd1 32. Rd3 (32. Nxa6 Bh5 $14) (32. Nxc6 Rc8 $16)) 29... a5 $11 30. Rxe5+ Kf6 31. Na6 Rd1+ 32. Rxd1 Bxd1 {[%mdl 4096] Endgame KRB-KRN} 33. Nc7 Rb8 34. Ne8+ Kf7 35. Nd6+ Kf8 {[#]} (35... Kf6 $11 {keeps the balance.}) 36. Re1 $2 (36. Rf5+ $1 $16 Kg8 37. Rf7) 36... Bb3 37. Ra1 a4 38. g4 (38. Kf2 $11) 38... g6 (38... Bc2 $15 39. Kf2 Rb1) 39. Kf2 Rb4 40. Re1 Bxc4 {aiming for ...Bd5.} 41. Re8+ Kg7 {...Bd5 is the strong threat.} 42. Re7+ Kf6 43. Rxa7 Ke6 44. Ke3 Bd5 (44... Bb3 $15) 45. h4 (45. Ne8 $11 Re4+ 46. Kf3 Rd4+ 47. Ke3 Re4+ 48. Kf3 Rb4+ 49. Ke3 Re4+) 45... Rb3+ ({Black should play} 45... Bb3 $15) 46. Kd4 a3 $2 (46... h6 $11) 47. Ne8 (47. f5+ {might work better.} gxf5 48. Nxf5 Rb4+ 49. Kc3 Rc4+ 50. Kd2) 47... Rb4+ $19 48. Kc3 {Intending Ng7+ and mate.} Rxf4 49. Ng7+ $2 (49. Nc7+ Ke5 50. Nxd5 Kxd5 51. Rxh7) 49... Kf6 $2 (49... Ke5 $19 50. Rxa3 Rxg4) 50. g5+ $16 {White is better.} Ke5 51. Re7+ {[#]} Be6 $1 {[%mdl 512]} 52. Nxe6 (52. Rxe6+ Kd5) 52... Rxh4 53. Kb3 {Accuracy: White = 38%, Black = 27%.} 1/2-1/2